| 000 | 00372nam a2200145Ia 4500 | ||
|---|---|---|---|
| 008 | 151213s9999 xx 000 0 und d | ||
| 100 | _aA.T. Dev | ||
| 245 |
_aStudent's Favorite Dictionary Bengali & English _cA.T. Dev |
||
| 260 |
_aIndia _bA.C. Mazumder _c1999 |
||
| 300 | _a5072 p. | ||
| 650 | _aDictionary | ||
| 650 | _aReference | ||
| 700 | _aA.T. Dev | ||
| 999 |
_c3134 _d3134 |
||